Every NBA MVP - Statistics

General Stats
  • This quiz has been taken 99 times
  • The average score is 52 of 64
Answer Stats
Year Answer % Correct
2018 James Harden
96%
2013 Lebron James
96%
2012 Lebron James
96%
2010 Lebron James
96%
2009 Lebron James
96%
1998 Michael Jordan
96%
1996 Michael Jordan
96%
1992 Michael Jordan
96%
1991 Michael Jordan
96%
1988 Michael Jordan
96%
2016 Stephen Curry
96%
2015 Stephen Curry
96%
2019 Giannis Antetokounmpo
91%
1986 Larry Bird
91%
1985 Larry Bird
91%
1984 Larry Bird
91%
2008 Kobe Bryant
90%
1999 Karl Malone
89%
1997 Karl Malone
89%
2017 Russell Westbrook
89%
2000 Shaquille O'Neal
89%
2014 Kevin Durant
87%
1983 Moses Malone
87%
1982 Moses Malone
87%
1979 Moses Malone
87%
2003 Tim Duncan
87%
2002 Tim Duncan
87%
1980 Kareem Abdul-Jabbar
86%
1977 Kareem Abdul-Jabbar
86%
1976 Kareem Abdul-Jabbar
86%
1974 Kareem Abdul-Jabbar
86%
1972 Kareem Abdul-Jabbar
86%
1971 Kareem Abdul-Jabbar
86%
1990 Magic Johnson
85%
1989 Magic Johnson
85%
1987 Magic Johnson
85%
2006 Steve Nash
85%
2005 Steve Nash
85%
1968 Wilt Chamberlain
85%
1967 Wilt Chamberlain
85%
1966 Wilt Chamberlain
85%
1960 Wilt Chamberlain
85%
2007 Dirk Nowitzki
84%
1994 Hakeem Olajuwon
84%
2001 Allen Iverson
81%
1965 Bill Russell
77%
1963 Bill Russell
77%
1962 Bill Russell
77%
1961 Bill Russell
77%
1958 Bill Russell
77%
2011 Derrick Rose
75%
1993 Charles Barkley
72%
1995 David Robinson
71%
2004 Kevin Garnett
68%
1981 Julius Erving
66%
1957 Bob Cousy
57%
1964 Oscar Robertson
56%
1978 Bill Walton
54%
1959 Bob Pettit
52%
1956 Bob Pettit
52%
1975 Bob McAdoo
42%
1969 Wes Unseld
42%
1973 Dave Cowens
35%
1970 Willis Reed
34%
No matching quizzes found
Score Distribution
Percent of People with Each Score
Percentile by Number Answered
Your Score History
You have not taken this quiz